000 00686nam a2200205 a 4500
001 000011485
005 20240412074226.0
008 091019s1982 dr r 000 0 spa d
040 _aDO-SdBNP
_bspa
_cBNPHU
082 _aRD862.44
_bT266b
100 1 _aTejada Rojas, Pura Dolores
_926343
245 1 0 _aBrizna o el mensaje de Taurus /
_cPura Dolores Tejada Rojas.
260 _aSanto Domingo :
_bAlfa y Omega,
_c1982.
300 _a82 p. ;
_c21 cm.
500 _aIncluye datos biográficos de la autora en la contracubierta
590 _aInventariado, 2019/LP
650 0 _aTeatro dominicano
_9637
650 0 _aLiteratura dominicana.
_967
910 _aValidado. Control de calidad MFF
999 _c11186
_d11186